00721cam a2200181 i 45000010009000000050017000090080041000260200018000670400023000850820019001081000023001272450226001502600056003763000020004326500010004526500028004626500049004901813478820240215005619.0140430s2009 ce b f000 0 eng  a9789550249008 aDLCbengcDLCerda 222a320.bCHU.1 aKodikara, Chulani,14aThe struggle for equal political representation of women in Sri Lanka :ba stocktaking report for the Ministry of Child Development and Women's Empowerment and the United Nations Development Programme /cChulani Kodikara. aKiribathgoda :bSarasavi off- set printers /c2009. axi, 178 pages ; 0aWomen 0aPolitical participation 0aRepresentative government and representation